[Event "tht Extraliga 16/17,Rapid Pardubice-Lysa nad Labem A"]
[Site "Pardubice"]
[Date "2017.01.28"]
[Round "5.5"]
[White "Petr, Martin"]
[Black "Plat, Vojtech"]
[WhiteElo "2498"]
[BlackElo "2520"]
[Result "1/2-1/2"]

1. e4  c5  2. Nf3  Nc6
3. d4  cxd4  4. Nxd4
g6  5. c4  Bg7
6. Be3  Nf6  7. Nc3  Ng4
8. Qxg4  Nxd4  9. Qd1
e5  10. Bd3  O-O
11. O-O  d6  12. Qd2
Be6  13. f3  a6
14. b3  Rc8  15. Rac1  Qd7
16. Rfd1  Rc6  17. Ne2
Nxe2+  18. Qxe2  Rfc8
19. b4  Bf6  20. a4
Ra8  21. a5  Rcc8
22. Qd2  Be7  23. Bf1
Qe8  24. Bb6  f5
25. exf5  gxf5  26. f4
Qf7  27. Qe2  Qf6
28. Rc3  Bf8  29. Rg3+
Kh8  30. c5  dxc5
31. fxe5  Qf7  32. bxc5
Bxc5+  33. Bxc5  Rxc5
34. Qe3  Qe7  35. Rd6
Rac8  36. Qd2  Re8
37. Re3  f4  38. Re4
Bf5  39. Rxf4  Qxe5
40. Rd8  Rxd8  41. Qxd8+
Kg7  42. Rf3  Rd5
43. Qb6  Rd7  44. Qb4
Rf7  45. h3  Bg6
46. Rxf7+  Bxf7  47. Qxb7
Qxa5  48. Qb2+  Kg8
49. Qb8+  Kg7  50. Kh2
Qa1  51. Qg3+  Bg6
52. Qc7+  Bf7  53. Qg3+
Bg6  54. Bc4  Qf6
55. h4  h5  56. Be2
Kh7  57. Qc7+  Kh6
58. Kg3  a5  59. Qc1+
Kg7  60. Qc7+  Kh6
61. Qxa5  Qd6+  1/2-1/2

[Event "tht Extraliga 16/17,Rapid Pardubice-Lysa nad Labem A"]
[Site "Pardubice"]
[Date "2017.01.28"]
[Round "5.6"]
[White "Krejci, Jan"]
[Black "Marek, Matyas"]
[WhiteElo "2495"]
[BlackElo "2363"]
[Result "1-0"]

1. d4  Nf6  2. Nf3  e6
3. c4  d5  4. Nc3
Nbd7  5. Bg5  c6
6. cxd5  exd5  7. e3
h6  8. Bh4  g5
9. Bg3  Nh5  10. Bd3  Nxg3
11. hxg3  Bg7  12. Qc2
Nb6  13. O-O-O  Be6
14. Ne5  Bxe5  15. dxe5
Qc7  16. f4  O-O-O
17. Kb1  Kb8  18. Rc1
Rc8  19. Qf2  Qe7
20. e4  Rcd8  21. exd5
Nxd5  22. f5  Nxc3+
23. Rxc3  Bd5  24. Re1
h5  25. Bc2  h4
26. a3  Rde8  27. gxh4  gxh4
28. Bb3  Bxb3  29. Rxb3
Qg5  30. Qc2  Rhg8
31. Re2  Qf4  32. Rb4
Qg5  33. Qxc6  Qxf5+
34. Rc2  b6  35. Qc7+
Ka8  36. Ra4  a5
37. Qxb6  Rxe5  38. Qc6+
Ka7  39. Qc7+  Ka8
40. Rd4  Rb8  41. Qc6+
Rb7  42. Qa6+  1-0

[Event "tht Extraliga 16/17,Rapid Pardubice-Lysa nad Labem A"]
[Site "Pardubice"]
[Date "2017.01.28"]
[Round "5.7"]
[White "Konopka, Michal"]
[Black "Oral, Tomas"]
[WhiteElo "2394"]
[BlackElo "2503"]
[Result "1/2-1/2"]

1. d4  Nf6  2. Nf3  g6
3. c4  Bg7  4. g3
c6  5. Bg2  d5
6. Qb3  O-O  7. O-O  dxc4
8. Qxc4  Be6  9. Qc2
Bf5  10. Qb3  Qb6
11. Nc3  Na6  12. Qa3
Nb4  13. Na4  Qb5
14. Nc3  Qb6  15. Na4
Qb5  16. Nc3  Qb6 1/2-1/2

[Event "tht Extraliga 16/17,Rapid Pardubice-Lysa nad Labem A"]
[Site "Pardubice"]
[Date "2017.01.28"]
[Round "5.8"]
[White "Jansa, Vlastimil"]
[Black "Pulpan, Jakub"]
[WhiteElo "2447"]
[BlackElo "2405"]
[Result "1-0"]

1. e4  c5  2. Nf3  d6
3. d4  cxd4  4. Nxd4
Nf6  5. Nc3  g6
6. g3  Nc6  7. Nde2  Bd7
8. Bg2  Qc8  9. h3
Bg7  10. b3  h5
11. Bb2  h4  12. g4  Nxg4
13. hxg4  Bxg4  14. f3
h3  15. fxg4  hxg2
16. Rxh8+  Bxh8  17. Qd3
Qxg4  18. O-O-O  Bxc3
19. Bxc3  f5  20. Qe3
O-O-O  21. Rg1  e5
22. Qf2  Qxe4  23. Rxg2
f4  24. Ng1  d5
25. Nf3  d4  26. Ng5  Qf5
27. Bd2  e4  28. Qxf4
e3  29. Qxf5+  gxf5
30. Be1  Rg8  31. Kd1
f4  32. Rg1  Ne5
33. Ke2  Rd8  34. Nf3
d3+  35. cxd3  Nxd3
36. Bh4  Rd5  37. Rd1
Nb4  38. Rc1+  Kd7
39. Be1  Nc6  40. Rc4
Rf5  41. Bh4  Ra5
42. a4  b5  43. Rxf4
bxa4  44. bxa4  Rc5
45. Kxe3  Rc3+  46. Kd2
Ra3  47. Bf6  a5
48. Bb2  Rb3  49. Kc2
Rb4  50. Rxb4  Nxb4+
51. Kb3  Nd5  52. Bd4
1-0

[Event "tht Extraliga 16/17,BSS Frydek Mistek-Unichess"]
[Site "Frydek-Mistek"]
[Date "2017.01.28"]
[Round "5.1"]
[White "Korobov, Anton"]
[Black "Michalik, Peter"]
[WhiteElo "2689"]
[BlackElo "2571"]
[Result "1-0"]

1. d4  Nf6  2. c4  e6
3. Nc3  Bb4  4. Qc2
O-O  5. e4  d5
6. e5  Ne4  7. Bd3  c5
8. Nf3  cxd4  9. Nxd4
Nd7  10. Bf4  Qh4
11. g3  Qh5  12. h4
Nec5  13. Be2  Qg6
14. cxd5  Qxc2  15. Nxc2
Bxc3+  16. bxc3  exd5
17. Nb4  Nb6  18. Be3
Nca4  19. Bd4  Be6
20. g4  Nd7  21. O-O
Ndc5  22. Rac1  Rac8
23. f3  a5  24. Nc2
Nb2  25. Rb1  Nc4
26. Bxc4  dxc4  27. Ne3
Rc6  28. f4  Bc8
29. f5  Rd8  30. Nxc4
a4  31. Nd6  b6
32. Rb4  Ba6  33. Rfb1  b5
34. Nxb5  Nd3  35. Rxa4
Rb8  36. Rb3  1-0

[Event "tht Extraliga 16/17,BSS Frydek Mistek-Unichess"]
[Site "Frydek-Mistek"]
[Date "2017.01.28"]
[Round "5.2"]
[White "Cernousek, Lukas"]
[Black "Zhigalko, Andrey"]
[WhiteElo "2461"]
[BlackElo "2599"]
[Result "0-1"]

1. e4  c5  2. Nf3  d6
3. d4  cxd4  4. Nxd4
Nf6  5. Nc3  a6
6. Bg5  Nbd7  7. Bc4  Qb6
8. O-O  Qxb2  9. Nd5
Nxd5  10. exd5  h6
11. Be3  Qc3  12. Qe2
Ne5  13. Bb3  g5
14. Rad1  Bg7  15. h3
Bd7  16. f4 gxf4  17. Rxf4
Rg8  18. Nf5  Bf6
19. Kh1  Bxf5  20. Rxf5
Rg3  21. Re1  O-O-O
22. Rf2  Rdg8  23. Bxh6
Ng4  24. Rf4  Rxh3+
0-1

[Event "tht Extraliga 16/17,BSS Frydek Mistek-Unichess"]
[Site "Frydek-Mistek"]
[Date "2017.01.28"]
[Round "5.3"]
[White "Azarov, Sergei"]
[Black "Bernasek, Jan"]
[WhiteElo "2594"]
[BlackElo "2509"]
[Result "1/2-1/2"]

1. e4  c5  2. Nf3  e6
3. d4  cxd4  4. Nxd4
Nc6  5. Nc3  a6
6. Be2  d6  7. Be3  Nf6
8. f4  Bd7  9. O-O
Be7  10. Qe1  b5
11. Bf3  Rc8  12. Rd1
Qc7  13. a3  Na5
14. Kh1  Nc4  15. Bc1
O-O  16. Rd3  Rfe8
17. b3  Nb6  18. e5
Nfd5  19. Nxd5 Nxd5  20. Bxd5
exd5  21. Qf2  Bf8
22. Bb2  dxe5  23. fxe5
Be6  24. Qg3  g6
25. Bc1  Bg7  26. Bf4
Qe7  27. b4  h6 28. h4
Rc4  29. c3  Qd7
30. Re3  Bf5  31. h5
Be4  32. hxg6  fxg6
33. Bxh6  Bxe5  34. Qg5
Qh7  35. Rh3  Bg7
36. Rh4  Rxc3  37. Ne6
Bxh6  38. Qf6  Rcc8
39. Kh2  Bf5  40. Rxf5
Rc6  41. Re5  Qf7
42. Qxf7+  1/2-1/2

[Event "tht Extraliga 16/17,BSS Frydek Mistek-Unichess"]
[Site "Frydek-Mistek"]
[Date "2017.01.28"]
[Round "5.4"]
[White "Jurcik, Marian"]
[Black "Zwardon, Vojtech"]
[WhiteElo "2484"]
[BlackElo "2403"]
[Result "1-0"]

1. e4  c5  2. Nf3  Nc6
3. Nc3  g6  4. d4
cxd4  5. Nxd4  Bg7
6. Be3  Nf6  7. Bc4
O-O  8. Bb3  d6
9. f3  Bd7  10. Qd2  Nxd4
11. Bxd4  a5  12. a4
Bc6  13. h4  Qd7
14. h5  e5  15. Be3
Nxh5  16. Bh6  Nf4
17. O-O-O  Qe7  18. g3
Bxh6  19. Rxh6  Kg7
20. Rdh1  Nh5  21. g4
f6  22. Nd1  Bd7
23. Ne3  Qd8  24. Nf5+
Bxf5  1-0

[Event "tht Extraliga 16/17,BSS Frydek Mistek-Unichess"]
[Site "Frydek-Mistek"]
[Date "2017.01.28"]
[Round "5.5"]
[White "Rausis, Igors"]
[Black "Vavra, Pavel"]
[WhiteElo "2611"]
[BlackElo "2397"]
[Result "1-0"]

1. c4  b6  2. d4  e6
3. e4  Bb7  4. Bd3
Bb4+  5. Bd2  Bxd2+
6. Qxd2  f5  7. Nc3
Nf6  8. f3  O-O
9. exf5  exf5  10. Nge2  d5
11. O-O  Qd7  12. Nf4
Nc6  13. cxd5  Ne7
14. Ne6  Rf7  15. Rfe1
Nfxd5  16. Bc4  c6
17. Nf4  Kh8  18. Re5
Qd6  19. Rae1  Rf6
20. Bxd5  Nxd5  21. Ncxd5
cxd5  22. Re7  Bc6
23. Nh5  Rg6  24. a3
a5  25. Qf4  Rg8
26. Qxf5  Rh6  27. Qf7
Qg6  28. Qxg6 Rxg6  29. Nf4
Rf6  30. Ne6  h6
31. Rc1  Re8  32. Rxe8+
Bxe8  33. Nc7  Bf7
34. Nb5  g5  35. h3
Kg7  36. Rc7  Kg6
37. Kf2  h5  38. Ke3
Re6+  39. Kd2  Rf6
40. Rd7  g4  41. hxg4
hxg4  42. Rd6  gxf3
43. gxf3  Rxd6  44. Nxd6
Be6  45. Nb5  Bd7
46. Nc3  Bc6  47. b3
Kf5  48. Ke3  Kg5
49. Kf2  Kf4  50. Na4
Bxa4  51. bxa4  Kg5
52. Kg3  Kf5  1-0

[Event "tht Extraliga 16/17,BSS Frydek Mistek-Unichess"]
[Site "Frydek-Mistek"]
[Date "2017.01.28"]
[Round "5.6"]
[White "Simek, Petr"]
[Black "Szotkowski, Jakub"]
[WhiteElo "2395"]
[BlackElo "2391"]
[Result "1/2-1/2"]

1. d4  Nf6  2. c4  c5
3. d5  b5  4. cxb5
a6  5. bxa6  g6
6. Nc3  Bxa6  7. e4  Bxf1
8. Kxf1  d6  9. Nf3
Bg7  10. g3  O-O
11. Kg2  Na6  12. Qe2
Qb6  13. Nd2  Nb4
14. Nc4  Qa6  15. a4
Rfb8  16. Ra3  Nc2
17. Qxc2  Qxc4  18. Re1
Nd7  19. Bd2  Ne5
20. Re3  Ng4  21. Re2
Rxb2  22. Qxb2  Qxe2
23. Nxe2  Bxb2  24. Ra2
Bg7  25. a5  f5
26. f3  Ne5  27. Nf4  fxe4
28. fxe4  Bh6  29. a6
Ra7  30. Nxg6  Bxd2
31. Nxe5  dxe5  32. Rxd2
Rxa6  33. Rc2  Kf7
34. Rxc5  Ra2+  35. Kf3
1/2-1/2

[Event "tht Extraliga 16/17,BSS Frydek Mistek-Unichess"]
[Site "Frydek-Mistek"]
[Date "2017.01.28"]
[Round "5.7"]
[White "Jasny, Stanislav"]
[Black "Kovar, Vojtech"]
[WhiteElo "2358"]
[BlackElo "2349"]
[Result "1/2-1/2"]

1. d4  Nf6  2. c4  e6
3. Nf3  b6  4. g3
Bb7  5. Bg2  Bb4+
6. Bd2  a5  7. O-O
O-O  8. Bg5  Be7
9. Nc3  Ne4  10. Bxe7
Qxe7  11. Qc2  Nxc3
12. Qxc3  Na6  13. Rfe1
Be4  14. Nh4  Bxg2
15. Nxg2  Rfe8  16. Nf4
Rab8  17. Rad1  Qb4
18. Qc2  b5  19. c5
Qc4 20. Qb1  b4  21. b3
Qb5  22. Qe4 Qb7 23. Qe5  f6
24. Qh5 e5 25. dxe5  Rxe5  26.
Qg4  Nxc5  27. Nh5  Rg5
28. Qc4+  Kh8  29. Qf7
Qe4  30. h4 Qxh4  31. Rd5
Qxh5  32. Qxh5  Rxh5
33. Rxh5  d6  34. f3
a4  35. bxa4  Nxa4
36. Ra5  Nc3  37. Kf2
Kg8  38. Rc1  Rb7
39. Rc2  Kf7  40. e4
Ke6  41. Ke3  c5
42. Kd3  f5  43. exf5+
Kxf5  44. Rh2  g6
45. a3  Nd5  46. Kc4
Ne3+  47. Kd3  Nf1
48. Rb2  Nxg3  49. axb4
Ke6  50. b5  Kd5
51. Kc3  Nf5  52. b6
Kc6  53. Ra7  Rxb6
54. Rxb6+  Kxb6  55. Rxh7
Kc6  56. Rf7  Kd5
57. Rf6  Nh4  58. Kd3
Ke5  59. Rf8  Ng2
60. Re8+  Kf5  61. Rf8+
Ke5  62. Re8+  Kf5
63. Rf8+  Ke5 64. Ke4+ 1/2-1/2

[Event "tht Extraliga 16/17,BSS Frydek Mistek-Unichess"]
[Site "Frydek-Mistek"]
[Date "2017.01.28"]
[Round "5.8"]
[White "Jurcik, Martin"]
[Black "Vesselovsky, Serguei"]
[WhiteElo "2324"]
[BlackElo "2337"]
[Result "1/2-1/2"]

1. e4  c5  2. Nf3  Nc6
3. Bb5  d6  4. Bxc6+
bxc6  5. e5  Bg4
6. exd6  exd6  7. d3
Nf6  8. O-O  Be7
9. h3  Be6  10. Nc3
O-O  11. Re1  Qd7
12. b3  Nd5  13. Nxd5
Bxd5  14. Bb2  Rfe8
15. Nh2  Bf8  16. Qg4
Qxg4  17. Nxg4  1/2-1/2

[Event "tht Extraliga 16/17,Tatran Litovel-Novy Bor"]
[Site "Litovel"]
[Date "2017.01.28"]
[Round "5.1"]
[White "Sadzikowski, Daniel"]
[Black "Navara, David"]
[WhiteElo "2537"]
[BlackElo "2735"]
[Result "1/2-1/2"]

1. d4  Nf6  2. c4  g6
3. Nc3  d5  4. cxd5
Nxd5  5. e4  Nxc3
6. bxc3  Bg7  7. Qa4+
Nd7  8. Nf3  c5
9. Be2  O-O  10. O-O Nb6  11. Qa3
cxd4  12. cxd4  Bg4
13. Bg5  Bxf3  14. Bxf3
Nc4  15. Qb4  Qxd4
16. Rad1  Qc3  17. Qxc3
Bxc3  18. Bxe7  Rfe8
19. Bg5  Ne5  20. Be2
Nc6  21. Rd7  Rxe4
22. Bf3  Ne5  23. Bxe4
Nxd7  24. Bxb7  Rb8
25. Rb1  Nc5  26. Be4
Rxb1+  27. Bxb1  Bd4
28. Kf1  Na4  29. Ke2
Nc3+  30. Kd3  Be5
31. Bc2  Nxa2  32. Bd2
Bd6  33. Kc4  a5
34. Bxa5  Nc1  35. Bd1
Be5  36. g3  Kg7
37. f4  Bb2  38. Bf3
f5  39. Bb6  Kf6
40. Bg2  h6  41. Bf1
g5  42. Bc7  Ke6
43. Bb8  Kf6  44. h3
Ke6  45. Bc7  Kf6
46. Kb4  Bd4  47. Bc4
Kg6  48. Kb5  Bf2
49. fxg5  hxg5  50. Kc6
Be3  51. Kd5  Kh5
52. Ke5  f4  53. Ke4
Bd2  54. Bf7+  Kh6
55. g4  f3  56. Kxf3
Nd3  57. Ba2  Bf4
58. Bb6  Bb8  59. Be3
Bf4  60. Bd4  Be5
61. Be3  Bf4  62. Bg1
Bd6  63. Bb1  Nf4
64. Bh2  Be7  65. h4
Nh5  66. hxg5+  Kxg5
67. Be5  Ba3  68. Bc7
Bc1  69. Bd8+  Nf6
70. Bf5  Bb2  71. Be7
Bd4  1/2-1/2

[Event "tht Extraliga 16/17,Tatran Litovel-Novy Bor"]
[Site "Litovel"]
[Date "2017.01.28"]
[Round "5.3"]
[White "Zpevak, Pavel"]
[Black "Shirov, Alexej"]
[WhiteElo "2348"]
[BlackElo "2683"]
[Result "1/2-1/2"]

1. c4  e6  2. Nc3  d5
3. d4  c6 4. e3 Nf6  5. Nf3
Nbd7  6. Qc2  Bd6 7. b3
O-O  8. Be2  b6
9. O-O  Bb7  10. Bb2  Qe7
11. e4  Nxe4  12. Nxe4
dxe4  13. Qxe4  Nf6
14. Qh4  c5  15. Rad1
Rad8  16. Rd3 Be4  17. Re3
Bxf3  18. Rxf3  cxd4
19. Bxd4  e5  20. Re3
Nd5  21. Qxe7  Nxe7
22. Bc3  Nf5  23. Rd3
Nd4  24. Bxd4  exd4
25. Rfd1  Rfe8  26. Kf1
Bc5  27. b4  Bxb4
28. Rxd4  Rxd4  29. Rxd4
g6  30. Rd7  a5
31. a4  Re4  32. g3  Bc5
33. Rd5  Kf8  34. Rd2
Ke7  35. Rd1  Bb4
36. Rd3  Bc5  37. Rd1
Kf6  38. Rd5  h5
39. Bd3  Re6  40. Be2
h4  41. gxh4  Re4
42. h5  Rf4  43. f3
g5  44. h3  Rh4
45. Kg2  Be3  46. Rd3  Bd4
47. f4  Rxf4  48. Rf3
Ke5  49. Rxf4  Kxf4
50. h6  Ke3  51. Bg4
Kd3  52. Bh5  f5
53. Bg6  Ke4  54. h7
Kf4  55. Bf7  Ke3
56. Be6  f4  57. Bd5
Be5  58. Bc6  Bf6
59. Bb7  Bh8  60. Bc6
1/2-1/2

[Event "tht Extraliga 16/17,Tatran Litovel-Novy Bor"]
[Site "Litovel"]
[Date "2017.01.28"]
[Round "5.4"]
[White "Laznicka, Viktor"]
[Black "Rosko, Lubos"]
[WhiteElo "2662"]
[BlackElo "2335"]
[Result "1-0"]

1. e4  c5  2. Nf3  d6
3. Bb5+  Bd7  4. Bxd7+
Qxd7  5. c4  Nf6
6. Nc3 g6 7. d4  cxd4  8. Nxd4
Bg7  9. f3  O-O
10. Nde2  Rc8  11. b3 a6  12. a4
Nc6  13. O-O  Qc7
14. Rb1 Qa5  15. Bd2  Qc5+
16. Kh1 Rd8  17. Be1  e6
18. Bh4  Rac8  19. Qd2
Rd7  20. f4  Qh5
21. Bg5  h6  22. Ng3
Qg4  23. Bxf6  Bxf6
24. e5  Be7  25. Nge4
d5  26. cxd5  exd5
27. Nxd5  Kg7  28. e6
Qxe6  29. Qb2+  f6
30. Nb6  Qxe4  31. Nxd7
Rd8  32. Rbd1  Qf5
33. Qe2  h5  34. Nb6
Bc5  35. Rxd8  Nxd8
36. Nc4  Ne6  37. a5
Nd4  38. Qe3  h4
39. b4  Ba7  40. Qe7+
Kh6  41. Qf8+  Kh7
42. Qf7+  Kh6  43. Qg8
1-0

[Event "tht Extraliga 16/17,Tatran Litovel-Novy Bor"]
[Site "Litovel"]
[Date "2017.01.28"]
[Round "5.5"]
[White "Studnicka, Tomas"]
[Black "Bartel, Mateusz"]
[WhiteElo "2318"]
[BlackElo "2629"]
[Result "0-1"]

1. c4  e5  2. Nc3  d6
3. g3  Be6  4. d3
Nf6  5. Bg2  c6
6. Nf3  Be7  7. O-O O-O 8. b3 h6
9. Bb2  Nbd7  10. e4  a6 11. d4
b5  12. d5  cxd5
13. exd5  Bg4  14. h3
Bxf3  15. Bxf3  bxc4
16. bxc4  Qc8  17. Be2
Nb6  18. Rc1  Qxh3
19. Ba3  Nxc4  20. Bb4 Ne3
21. fxe3  Qxg3+  22. Kh1
Qh4+  0-1

[Event "tht Extraliga 16/17,Tatran Litovel-Novy Bor"]
[Site "Litovel"]
[Date "2017.01.28"]
[Round "5.6"]
[White "Hracek, Zbynek"]
[Black "Straka, Vojtech"]
[WhiteElo "2606"]
[BlackElo "2352"]
[Result "1-0"]

1. e4  c5  2. Nf3  g6
3. c4  Nc6  4. d4
cxd4  5. Nxd4  Nf6
6. Nc3  d6  7. Be2
Nxd4  8. Qxd4  Bg7
9. Be3  O-O  10. Qd2
Be6  11. Rc1 Qa5 12. f3  Rfc8
13. b3  a6  14. Na4
Qxd2+  15. Kxd2  Nd7
16. g4 f5  17. exf5  gxf5
18. h3  Rf8 19. Nb6  Nxb6
20. Bxb6  Bd7  21. Bd3
Rae8  22. Rcg1  Kh8
23. f4  e5  24. fxe5
dxe5  25. Bxf5  Bxf5
26. gxf5  Rxf5  27. Be3
Kg8  28. Bh6  Re7
29. Ke3  Rh5  30. Bg5
Rd7  31. h4  h6
32. Bf6 Kf8  33. Rg6  Bxf6  34.
Rxf6+  Ke7  35. Rg6  Kd8
36. Rg4  Rf5  37. h5
Kc7  38. Rg6  Rd6
39. Rh2  Rf1  40. Rhg2
Re1+  41. Kf2  Rdd1
42. Rxh6  Rf1+  43. Ke3
Rfe1+  44. Re2  Rh1 45. Ke4 Rd4+
46. Kxe5  Rdh4  47. Rg6
Rxh5+  48. Kd4  Rh7
49. Rgg2  R1h3  50. Kc5
R3h4  51. Kb4  R4h6
52. Rd2  Rd6  53. Rd5
Rb6+  54. Ka5 Rbh6 55. Rg8  Rh5
56. Rg6  R7h6  57. Rg7+
Kc6  58. b4  Rh8
59. a4  b6+  60. Kxa6
Ra8+  61. Ra7  Rxa7+
62. Kxa7  Rh4  63. Rb5 1-0

[Event "tht Extraliga 16/17,Tatran Litovel-Novy Bor"]
[Site "Litovel"]
[Date "2017.01.28"]
[Round "5.7"]
[White "Hollan, Petr"]
[Black "Zilka, Stepan"]
[WhiteElo "2314"]
[BlackElo "2532"]
[Result "1/2-1/2"]

1. d4  Nf6  2. c4  e6
3. Nf3  Bb4+ 4. Bd2  Qe7
5. g3  O-O  6. Bg2
Bxd2+  7. Qxd2  d5
8. O-O  Rd8  9. Qc2
Nc6  10. Rd1  Bd7
11. Nbd2  Be8  12. a3 a5
13. Rac1  a4  14. e4
dxe4  15. Nxe4  Nxe4
16. Qxe4  Na5  17. d5
Nb3  18. Rb1  Nc5
19. Qe3  Qf8  20. Ng5
exd5  21. Bxd5  c6
22. Bf3  f6  23. Ne4
Nxe4  24. Bxe4  Bf7
25. Bc2  Re8  26. Qf4
Re2  27. Bd3  Re5
28. Bf1  Qe7  29. Qd2
Re8  30. Qd6  Bh5
31. Qxe7  R5xe7  32. Rdc1
Bg6  33. Ra1  Kf8
34. Rc3  Re1  35. Rcc1
Rxc1  36. Rxc1  Rd8
37. Rc3  Rd1  38. b3
axb3  39. Rxb3  Bc2
40. Rc3  Rd2  41. Re3
Bg6  42. Rb3  Rd7
43. Be2  Bf7  44. Rc3
Ke7  45. c5  Rd2
46. Kf1  Bd5  47. f3
Rb2  48. h4  g5
49. Kf2  gxh4  50. gxh4  f5
51. f4  Kf6  52. h5
Bf7  53. Ke3  Ra2
54. Rd3  Rc2  55. Rd7
Rc3+  56. Kd2  Rxa3
57. Rxb7  Ra5  58. Rc7
Rxc5  59. Bf3  h6
60. Rxc6+  Rxc6  61. Bxc6
Bxh5  62. Ke3  Ke6
63. Kf2  Kd6  64. Bb7
Kc5  65. Kg3  Kd4
66. Bc6  Ke3  67. Bd5
Bg4  68. Bc6  h5
69. Bd5  h4+  70. Kxh4
Kxf4  71. Be6  Ke5
72. Bxf5  Bxf5  1/2-1/2

[Event "tht Extraliga 16/17,Tatran Litovel-Novy Bor"]
[Site "Litovel"]
[Date "2017.01.28"]
[Round "5.8"]
[White "Kriebel, Tadeas"]
[Black "Belunek, Vladimir"]
[WhiteElo "2465"]
[BlackElo "2227"]
[Result "1/2-1/2"]

1. c4  c6  2. g3  d5
3. Nf3  Nf6  4. Bg2
Bg4  5. Ne5  Bf5
6. cxd5 cxd5  7. Qb3  Nc6 8.
Nxc6  bxc6  9. O-O  e6
10. d3  Be7  11. Qa4
Qd7  12. e4  Bg6
13. Nc3  O-O 14. f4  Rab8
15. a3  Rfd8  16. h3
h5  17. Kh2  d4
18. Nb1  c5  19. Qxd7  Rxd7
20. Nd2  Ne8  21. f5
Bh7  22. fxe6  fxe6
23. Nc4  Rb3  24. h4
Nf6  25. Bh3  Ng4+
26. Bxg4  hxg4  27. Bf4
Bf6  28. Rad1  Bg6
29. Bd6  Bf7  30. Be5
Be7  31. Rf4  Bh5
32. Kg1  g5  33. hxg5
Bxg5  34. Rff1  Rh7
35. Bd6  Bf7  36. Bf4
Bf6  37. Bc1  Be7
38. Kg2  Be8  39. Rf4
Rg7  40. Kf2  Bb5
41. Kg2  Bxc4  42. dxc4
Bd6  43. Rf6  Rxg3+
44. Kf2  Rf7  45. Rxf7
Kxf7  46. Rh1  Rh3
47. Rg1  Rh2+  48. Ke1
g3  49. Bd2  Rh4
50. Ke2  Rxe4+  51. Kf3
Rh4  52. b4  e5
53. Kxg3  Rh7  54. Kf3  Rh4
55. Kg3  Be7  56. bxc5
Ke6  57. c6  Rh8
58. Kf3  Rh3+  59. Kg4
Rxa3  60. Rh1  Ra4
61. Rh6+  Kf7  62. c5
Rc4  63. Kf5  Bxc5
64. Kxe5  Bf8  65. Rf6+
Ke7  66. Re6+  Kf7
67. Rf6+  Ke7  68. Kd5
Kxf6  69. Kxc4  Ke6
70. Kxd4  1/2-1/2

[Event "tht Extraliga 16/17,Lokomotiva Brno-SK Slavoj Poruba"]
[Site "Poruba"]
[Date "2017.01.29"]
[Round "6.1"]
[White "Biolek, Richard"]
[Black "Mista, Alexander"]
[WhiteElo "2434"]
[BlackElo "2598"]
[Result "0-1"]

1. e4  e5  2. Nf3  Nc6
3. Bb5  g6  4. d3
Bg7  5. O-O  Nge7
6. Be3  a6  7. Ba4
O-O  8. c3  f5
9. exf5  Nxf5  10. Nbd2  d6
11. Bxc6  bxc6  12. d4
exd4  13. Bxd4  Nxd4
14. cxd4  Be6  15. Re1
Bd5  16. Ne4  Qd7
17. Nfg5  Rab8  18. Qd2
Bh6  19. f4  Qf5
20. Nc3  Qxf4  21. Qxf4
Rxf4  22. Nxd5  cxd5
23. Ne6  Rf7  24. Re2
Re8  25. b4  c5
26. bxc5  dxc5  27. dxc5  Bg7
28. Rf1  Rxe6  0-1

[Event "tht Extraliga 16/17,Lokomotiva Brno-SK Slavoj Poruba"]
[Site "Poruba"]
[Date "2017.01.29"]
[Round "6.2"]
[White "Bobras, Piotr"]
[Black "Druska, Juraj"]
[WhiteElo "2517"]
[BlackElo "2441"]
[Result "1/2-1/2"]

1. e4  c5  2. Nf3  Nc6
3. d4  cxd4  4. Nxd4
g6  5. c4  Nf6
6. Nc3  d6  7. Be2  Nxd4
8. Qxd4  Bg7  9. Be3
O-O  10. Qd2  a5
11. f3  a4  12. Rb1
Qa5  13. Nb5  Be6
14. Qxa5  Rxa5  15. Nc7
Nd7  16. Nxe6  fxe6
17. O-O  Nc5  1/2-1/2

[Event "tht Extraliga 16/17,Lokomotiva Brno-SK Slavoj Poruba"]
[Site "Poruba"]
[Date "2017.01.29"]
[Round "6.3"]
[White "Burdalev, Kirill"]
[Black "Cvek, Robert"]
[WhiteElo "2339"]
[BlackElo "2527"]
[Result "1/2-1/2"]

1. Nf3  e6  2. c4  b6
3. g3  Bb7  4. Bg2
Nf6  5. O-O  g6
6. d4  Bg7  7. Re1  O-O
8. Bg5  h6  9. Bxf6
Qxf6  10. Nc3  d6
11. e3  Qe7  12. Nd2
Bxg2  13. Kxg2  c5
14. Nf3  Qb7  15. Rc1
a6  16. Qd3  Nd7
17. Rcd1  cxd4  18. exd4
Nf6  19. d5  e5
20. b4  Nd7  21. Nh4  Rfe8
22. Ne4  Qc7  23. g4
a5  24. a3  Nf6
25. Nxf6+  Bxf6  26. Nf3  Bg5
27. Nxg5  hxg5  28. Rb1
axb4  29. Rxb4  Qc5
30. Qe3  Ra6  31. Qxc5
bxc5  32. Rb3  Rea8
33. Ree3  Kg7  34. f3
R8a7  35. Rec3  f5
36. h3  Kf6  37. Re3
f4  38. Red3  Ra4
39. Rdc3  e4  40. fxe4
Ke5  41. Kf3  Rh7
42. Ke2  Kxe4  43. Rb6
Rd7  44. Rb8  Kd4
45. Rd3+  Kxc4  46. Re8
f3+  47. Kd2  f2
48. Re4+  Kb5  49. Rb3+
Ka5  50. Rxa4+  Kxa4
51. Rf3  Rb7  52. Kc2
Kb5  53. Rxf2  Kc4
54. Rf6  Kxd5  55. Rxg6
Re7  56. Rxg5+  Kc4
57. Kd2  d5  58. h4
Rb7  59. Kc1  Rb3
60. h5  Rh3  61. a4
d4  62. a5  d3
63. a6  Rh1+  64. Kd2  Rh2+
65. Kc1  Rh1+  66. Kd2
Rh2+  1/2-1/2

[Event "tht Extraliga 16/17,Lokomotiva Brno-SK Slavoj Poruba"]
[Site "Poruba"]
[Date "2017.01.29"]
[Round "6.4"]
[White "Kanovsky, David"]
[Black "Kratochvil, Josef"]
[WhiteElo "2411"]
[BlackElo "2278"]
[Result "1/2-1/2"]

1. c4  c5  2. Nc3  g6
3. g3  Bg7  4. Bg2
Nc6  5. a3  e6
6. b4  cxb4  7. axb4  Nge7
8. b5  Ne5  9. Qb3
d5  10. cxd5  exd5
11. d4  Nc4  12. e3
Be6  13. Ba3  O-O
14. Nge2  Re8  15. Nf4
Nf5  16. O-O  Nd2
17. Qb2  Nxf1  18. Rxf1
Nd6  19. Ncxd5  Nc4
20. Qa2  Nxa3  21. Qxa3
Bf5  22. Nc3  g5
23. Nfd5  Qd7  24. e4
Be6  25. e5  Rac8
26. Qxa7  Bxd5  27. Nxd5
Qxb5  28. Qa2  Rc4
29. Rd1  Qa4  30. Qd2
Qc2  31. Qxc2  Rxc2
32. Ne3  Rb2  33. Nc4
Rb4  34. Nd6  Rd8
35. Bd5  Rxd6  36. exd6
Rxd4  37. Rxd4  Bxd4
38. Bxb7  Kf8  39. Be4
h5  40. Kg2  h4
41. Bf5  Bc5  42. d7  Ke7
43. f4  hxg3  44. hxg3 1/2-1/2

[Event "tht Extraliga 16/17,Lokomotiva Brno-SK Slavoj Poruba"]
[Site "Poruba"]
[Date "2017.01.29"]
[Round "6.5"]
[White "Ramik, Zdenek"]
[Black "Murdzia, Piotr"]
[WhiteElo "2182"]
[BlackElo "2428"]
[Result "1/2-1/2"]

1. e4  c5  2. Nc3  e6
3. g3  Nc6  4. Bg2
g6  5. d3  Bg7
6. Be3  Nd4  7. Nce2  Ne7
8. c3  Nxe2  9. Nxe2
b6  10. Qd2  Bb7
11. Bh6  O-O  12. h4
f6  13. Bxg7  Kxg7
14. O-O-O  Qc7  15. Kb1
e5  16. f4  h6
17. g4  Rad8  18. f5  gxf5
19. gxf5  Kh7  20. Ng3
Rg8  21. Nh5  Rdf8
22. Rhg1  Qd6  23. Qe2
Bc6  24. Kc2  Ba4+
25. b3  Bb5  26. Bf3
Rxg1  27. Rxg1  Rg8
28. Rg2  Kh8  29. Qf1
a5  30. c4  Bc6
31. Qg1  Qb8  32. Nxf6  Rxg2+
33. Qxg2  Qf8  34. Ng4
d6  35. Qg3  Ng8
36. Ne3  Nf6  37. Kd2
Be8  38. Ke1  Bf7
39. Qg2  Qg7  40. Kf2
Qxg2+  41. Kxg2  1/2-1/2